The imagining of community in the arts of Guatemala : (Record no. 25050)

000 -LEADER
fixed length control field 01327cam a2200289 a 4500
001 - CONTROL NUMBER
control field 16315275
003 - CONTROL NUMBER IDENTIFIER
control field OSt
005 - DATE AND TIME OF LATEST TRANSACTION
control field 20170130153311.0
008 - FIXED-LENGTH DATA ELEMENTS--GENERAL INFORMATION
fixed length control field 100706s2010 nyuaf b 001 0 eng
010 ## - LIBRARY OF CONGRESS CONTROL NUMBER
LC control number 2010028463
020 ## - INTERNATIONAL STANDARD BOOK NUMBER
International Standard Book Number 9780773413115
020 ## - INTERNATIONAL STANDARD BOOK NUMBER
International Standard Book Number 0773413111
035 ## - SYSTEM CONTROL NUMBER
System control number (OCoLC)ocn647773548
040 ## - CATALOGING SOURCE
Original cataloging agency DLC
Transcribing agency DLC
Modifying agency YDX
-- YDXCP
-- CDX
-- BWX
-- DLC
043 ## - GEOGRAPHIC AREA CODE
Geographic area code ncgt---
050 00 - LIBRARY OF CONGRESS CALL NUMBER
Classification number NX180.S6
Item number G74 2010
082 00 - DEWEY DECIMAL CLASSIFICATION NUMBER
Classification number 700.97281
Edition number 22
100 1# - MAIN ENTRY--PERSONAL NAME
Personal name Greene, David B.
245 14 - TITLE STATEMENT
Title The imagining of community in the arts of Guatemala :
Remainder of title weaving, folk tales, marimba performance, contemporary painting /
Statement of responsibility, etc. David B. Greene ; with a preface by Melissa A. Butler.
260 ## - PUBLICATION, DISTRIBUTION, ETC. (IMPRINT)
Place of publication, distribution, etc. Lewiston, N.Y. :
Name of publisher, distributor, etc. Edwin Mellen Press,
Date of publication, distribution, etc. c2010.
300 ## - PHYSICAL DESCRIPTION
Extent viii, 182 p., [38] leaves of plates :
Other physical details col. ill. ;
Dimensions 24 cm.
504 ## - BIBLIOGRAPHY, ETC. NOTE
Bibliography, etc Includes bibliographical references and index.
505 0# - FORMATTED CONTENTS NOTE
Formatted contents note The paintings of Alejandro Wer -- Guatemalan marimba music -- Imagining space in Maya textiles and tales.
650 #0 - SUBJECT ADDED ENTRY--TOPICAL TERM
Topical term or geographic name as entry element Arts and society
Geographic subdivision Guatemala.
906 ## - LOCAL DATA ELEMENT F, LDF (RLIN)
a 7
b cbc
c orignew
d 1
e ecip
f 20
g y-gencatlg
942 ## - ADDED ENTRY ELEMENTS (KOHA)
Source of classification or shelving scheme
Koha item type Hard Covered Materials
Classification part NX 180 .S6G74 2010
Holdings
Withdrawn status Lost status Source of classification or shelving scheme Damaged status Not for loan Home library Current library Shelving location Date acquired Source of acquisition Total Checkouts Full call number Barcode Date last seen Price effective from Koha item type
          MACHAKOS UNIVERSITY LIBRARY MACHAKOS UNIVERSITY LIBRARY Technical section 30/01/2017 Donation (BFA)   NX 180 .S6G74 2010 33311 26/07/2018 30/01/2017 Hard Covered Materials
© Machakos University Library, Along The Highway, Machakos Wote Rd, Machakos, Kenya P.O. Box 136 - 90100 Machakos - Kenya

Tel: ( +254 ) 723 805829 OR Fax : 044-20353 OR Email: library@mksu.ac.ke